|
|
|
|
| LEADER |
01390nam a2200373 a 4500 |
| 001 |
EBC870696 |
| 003 |
MiAaPQ |
| 005 |
20200520144314.0 |
| 006 |
m o d | |
| 007 |
cr cn||||||||| |
| 008 |
110908s2012 fluabcd sb 000 0 eng d |
| 010 |
|
|
|z 2011037293
|
| 020 |
|
|
|z 9781466500471
|
| 020 |
|
|
|a 9781466500488 (electronic bk.)
|
| 035 |
|
|
|a (MiAaPQ)EBC870696
|
| 035 |
|
|
|a (Au-PeEL)EBL870696
|
| 035 |
|
|
|a (CaPaEBR)ebr10535470
|
| 035 |
|
|
|a (CaONFJC)MIL390919
|
| 035 |
|
|
|a (OCoLC)778448520
|
| 040 |
|
|
|a MiAaPQ
|c MiAaPQ
|d MiAaPQ
|
| 050 |
|
4 |
|a HG4538
|b .W244 2012
|
| 082 |
0 |
4 |
|a 332/.042
|2 23
|
| 100 |
1 |
|
|a Wagner, Daniel.
|
| 245 |
1 |
0 |
|a Managing country risk
|h [electronic resource] :
|b a practitioner's guide to effective cross-border risk analysis /
|c Daniel Wagner.
|
| 260 |
|
|
|a Boca Raton, Fla. :
|b CRC Press,
|c 2012.
|
| 300 |
|
|
|a xxxi, 264 p. :
|b ill. (some col.), maps (some col.), col. port.
|
| 504 |
|
|
|a Includes bibliographical references.
|
| 533 |
|
|
|a Electronic reproduction. Ann Arbor, MI : ProQuest, 2015. Available via World Wide Web. Access may be limited to ProQuest affiliated libraries.
|
| 650 |
|
0 |
|a Country risk.
|
| 650 |
|
0 |
|a Investments, Foreign.
|
| 650 |
|
0 |
|a Economic forecasting.
|
| 655 |
|
4 |
|a Electronic books.
|
| 710 |
2 |
|
|a ProQuest (Firm)
|
| 856 |
4 |
0 |
|u https://ebookcentral.proquest.com/lib/matrademy/detail.action?docID=870696
|z Click to View
|